Strach v období adolescencie a ranej dospelosti
Saved in:
| Main Author: | |
|---|---|
| Other Authors: | , , , |
| Format: | Book |
| Language: | Slovak |
| Published: |
Krakov
Spolok Slovákov v Poľsku
2020
|
| Edition: | 1. vydanie |
| Subjects: | |
| Tags: |
No Tags, Be the first to tag this record!
|
MARC
| LEADER | 00000nam a2200000 4500 | ||
|---|---|---|---|
| 001 | 0271012 | ||
| 005 | 20240502083818.6 | ||
| 020 | |a 978-83-8111-198-0 | ||
| 041 | 0 | |a slo | |
| 044 | |a PL | ||
| 245 | 1 | 0 | |a Strach v období adolescencie a ranej dospelosti |c Andrea Čonková, Zuzana Chmelárová, Erik Šoltés ; recenzenti: Martin Droščák, Katarína Kačinová |
| 250 | |a 1. vydanie | ||
| 264 | 1 | |a Krakov |b Spolok Slovákov v Poľsku |c 2020 | |
| 300 | |a 63 s. [3 AH] | ||
| 610 | 2 | 0 | |a psychológia |
| 610 | 2 | 0 | |a mládež |
| 610 | 2 | 0 | |a dospelí |
| 610 | 2 | 0 | |a prevencia |
| 610 | 2 | 0 | |a žiaci |
| 610 | 2 | 0 | |a stresy |
| 610 | 2 | 0 | |a ochrana zdravia |
| 100 | 1 | |a Čonková, Andrea, 1982- | |
| 700 | 1 | |a Chmelárová, Zuzana, 1967- | |
| 700 | 1 | |a Šoltés, Erik, 1974- | |
| 700 | 1 | |a Droščák, Martin | |
| 700 | 1 | |a Kačinová, Katarína | |